Epistolario de Alberto Blest Gana

Tallennettuna:
Bibliografiset tiedot
Päätekijä: Blest Gana, Alberto (Tekijä)
Aineistotyyppi: Kirja
Kieli:espanja
Julkaistu: Santiago Dibam 2011
Sarja:Fuentes para la Historia de la República, 35
Aiheet:
Tagit: Lisää tagi
Ei tageja, Lisää ensimmäinen tagi!

MARC

LEADER 00000cam a2200000 a 4500
001 UCF0555
003 CL-VaPUC
008 120531e20110000CL |||||||||||||||||spa|d
020 |a 9789562440011o.c 
020 |a 9789562442435t.1 
020 |a 9789562442442t.2 
082 0 4 |a Ch866  |b BLE  |2 21 
100 |a Blest Gana, Alberto  |e author  |9 344235 
245 1 0 |a Epistolario de Alberto Blest Gana 
300 |a t 
942 |c BK 
945 |d 20120531 00:00:00  |a dcastane 
260 |a Santiago  |b Dibam  |c 2011 
650 0 |a Correspondencia  |9 258963 
650 7 |a EPISTOLAS CHILENAS  |2 CL-VaPUC  |9 560319 
650 7 |a EPISTOLARIO  |2 CL-VaPUC  |9 321776 
650 0 |a Literatura chilena   |9 308278 
650 0 |a Biografías  |9 255210 
583 |a last modification  |c 20121214 11:55:09  |k Rodrigo Vera 
490 0 |a Fuentes para la Historia de la República, 35 
999 |c 347807  |d 347805 
952 |0 0  |1 0  |4 0  |6 CH_866_000000000000000_BLE_2011  |7 0  |8 DER_HIS  |9 449478  |a BIBDER  |b BIBDER  |d 2019-11-22  |h t.1  |i 4869958  |l 1  |o Ch866 BLE 2011  |p 4869958  |r 2023-01-25  |s 2020-03-17  |w 2019-11-22  |x Ubicación 4to Piso  |y BK  |z Estos recursos deben solicitarse con anticipación  |k DER 
952 |0 0  |1 0  |4 0  |6 CH_866_000000000000000_BLE_2011  |7 0  |8 DER_HIS  |9 449479  |a BIBDER  |b BIBDER  |d 2019-11-22  |h t.2  |i 4869966  |l 1  |o Ch866 BLE 2011  |p 4869966  |r 2023-01-25  |s 2020-03-17  |w 2019-11-22  |x Ubicación 4to Piso  |y BK  |z Estos recursos deben solicitarse con anticipación  |k DER 
952 |0 0  |1 0  |4 0  |6 CH_866_000000000000000_BLE_2011  |7 0  |8 A  |9 449480  |a BIBHIS  |b BIBHIS  |d 2019-11-22  |h t.1  |i 4915593  |o Ch866 BLE 2011  |p 4915593  |r 2025-01-20  |w 2019-11-22  |y BK  |k HIS 
952 |0 0  |1 0  |4 0  |6 CH_866_000000000000000_BLE_2011  |7 0  |8 A  |9 449481  |a BIBHIS  |b BIBHIS  |d 2019-11-22  |h t.2  |i 4915607  |o Ch866 BLE 2011  |p 4915607  |r 2025-01-20  |w 2019-11-22  |y BK  |k HIS 
952 |0 0  |1 0  |4 0  |6 CH_866_000000000000000_BLE_2011  |7 0  |8 A  |9 449482  |a BIBDER  |b BIBDER  |d 2019-11-22  |h t.1  |i 4933788  |l 1  |o Ch866 BLE 2011  |p 4933788  |r 2023-01-25  |s 2022-05-31  |w 2019-11-22  |y BK  |k DER 
952 |0 0  |1 0  |4 0  |6 CH_866_000000000000000_BLE_2011  |7 0  |8 A  |9 449483  |a BIBDER  |b BIBDER  |d 2019-11-22  |h t.2  |i 4933796  |l 1  |o Ch866 BLE 2011  |p 4933796  |r 2023-01-25  |s 2022-05-31  |w 2019-11-22  |y BK  |k DER